000 00767nam a2200193 i 4500
001 93072
003 ES-MaACL
005 20251015063110.0
007 t|
008 050407s1970 sp ||||1| spa d
100 1 _aDupouy, Marie-Thérèse,
_d1873-1953
_9171442
245 1 0 _aDiario espiritual de la madre María Teresa Dupouy /
_cLuis María de Lojendio, OSB, abad de la Santa Cruz ; traducción del manuscrito francés con prólogo y notas y una introducción a la espiritualidad de la madre Dupouy.
260 _aMadrid :
_bStudium,
_c1970.
300 _a193 p. :
_b1 lám. ;
_c18 cm.
600 1 4 _aDupouy, Marie-Thérèse,
_d1873-1953
_9171442
700 1 _aLojendio, Luis María de.
_973151
852 _aES-MaACL
_jC-49613
999 _c93072
_d93072